00499nam a2200109Ia 4500008004100000050002200041100002300063245018500086260008600271300002000357521001200377140724s9999 xx 000 0 und d aRT 90b.C371 2010 aCaubalejo, Zarina. 4aThe difference of learning outcomes on selected Southville International School and Colleges BS Nursing students following uninterrupted and broken-up lectures /cZarina Caubalejo. aLas Piñas, Philippines :bSouthville International School and Colleges,cc2010. a71 p. :c28 cm. aNursing